| 000 | 00000nas 2200000za 4500 |
| 001 | 9.817523 |
| 003 | CaOODSP |
| 005 | 20221107142510 |
| 007 | cr ||||||||||| |
| 008 | 160512d19191921oncar p oss f000#b0fre|d |
| 040 | |aCaOODSP|bfre |
| 041 | |aeng|afre |
| 043 | |an-cn--- |
| 086 | 1 |aCS52-207-PDF |
| 245 | 00|aRailway statistics for the year ended December 31, ... |h[ressource électronique]. |
| 246 | 15|aStatistique des chemins de fer pour l'année terminée le 31 décembre ... |
| 260 | |aOttawa : |bDominion Bureau of Statistics, Transportation Branch = Bureau fédéral de la statistique, Branche des transports, |c1921-1922. |
| 310 | |aAnnuel |
| 362 | 0 |a1919-1921. |
| 500 | |aÉdition numérisée de l’imprimé [par Statistique Canada]. |
| 500 | |aD'après les rapports officiels fournis par les différentes compagnies des chemins de fer. |
| 500 | |aImprimé par Ordre du parlement. |
| 546 | |aTexte en français et en anglais avec p. de titre addit. |
| 692 | 07|2gccst|aRéseau ferroviaire |
| 692 | 07|2gccst|aTransport ferroviaire |
| 710 | 1 |aCanada. |bBureau fédéral de la statistique. |
| 710 | 1 |aCanada. |bDominion Bureau of Statistics.|bTransportation Branch. |
| 785 | 00|tStatistics of steam railways of Canada |w(CaOODSP)9.817536 |
| 791 | |tRailway statistics for the year ended December 31, ... |eeng|w(CaOODSP)9.817519 |